Golf Scoring Terms - Statistics

General Stats
  • This quiz has been taken 1,549 times
  • The average score is 8 of 10
Answer Stats
Definition Term % Correct
One stroke under par Birdie
98%
The appropriate # of strokes Par
98%
Two strokes under par Eagle
97%
One stroke over par Bogey
89%
Three strokes under par Albatross
86%
Two strokes over par Double Bogey
86%
Three strokes over par Triple Bogey
83%
One stroke Ace
75%
Four strokes over par Quadruple Bogey
67%
Four strokes under par Condor
30%
No matching quizzes found
Score Distribution
Percent of People with Each Score
Percentile by Number Answered
Your Score History
You have not taken this quiz